000 00451nam a2200157Ia 4500
003 OSt
005 20200701114815.0
008 190216s9999||||xx |||||||||||||| ||und||
040 _coclc
082 _a901
_bPAN/E
100 _aPandey, V C
_93310
245 0 _aEvolution Of Indian Culture /
_cV C Pandey ; K Singh
260 _bPrakashan Kendra,
_c1986.
_aLucknow:
300 _a356p
942 _cBK
_2ddc
_h901
_iPAN/E
_k901
_mPAN/E
999 _c19719
_d19719